000 00759nam a2200217Ia 4500
003 GCL
008 140319s9999 xx 000 0 ara d
020 _a9335314977
040 _aGCL /
_cGCL
082 0 4 _a301.01
_bا ع
100 1 _aاحمد زايد
245 1 0 _aعلم الاجتماع :
_bالنظريات الكلاسيكية والنقدية /
_cاحمد زايد
250 _aالاولى
260 _aالقاهرة :
_bنهضة مصر للطباعة والنشر والتوزيع ،
_c2006
300 _a396 ص ؛
_c24 سم
650 0 4 _aالنظم الاجتماعية
650 0 4 _aالاجتماع، علم
650 0 4 _aالاجتماع، علم - تاريخ
650 0 4 _aالاجتماع، علم - نظريات
942 _2ddc
_cBK
999 _c8754
_d8754